| 000 | 01308cam a22003737a 4500 | ||
|---|---|---|---|
| 003 | CHAP | ||
| 005 | 20220329142502.0 | ||
| 008 | 010604d2000 mx r 00110 spa d | ||
| 010 | _a84143 | ||
| 011 | _a85115 | ||
| 035 | _a95646 | ||
| 040 | _cCHAP | ||
| 090 | _aTesis | ||
| 100 | 0 | 0 |
_aZenil Lugo, Luzenira _9123894 |
| 245 | 1 | 0 |
_aFlora microbiana de la rizosfera en dos plantas medicinales : _bsangre de drago (Jatropha dioica) y mezquite (Prossopis laevigata) _c/por Luzerina Zenil Lugo |
| 260 |
_aChapingo, Méx. : _bEl autor, _c2001. |
||
| 300 |
_a58 p. : _bilus. ; gráfs. |
||
| 502 | _aTesis (Ing. en Agroecología) -- UACH. Departamento de Agroecología | ||
| 590 |
_aALEPH _b10 _c20130110 _lUCH01 _h1442 |
||
| 590 |
_aBATCH-UPD _b10 _c20130110 _lUCH01 _h0715 |
||
| 590 |
_aBATCH-UPD _b10 _c20130410 _lUCH01 _h0400 |
||
| 590 |
_aBATCH-UPD _b10 _c20130914 _lUCH01 _h1703 |
||
| 590 |
_aCONVERSION _b10 _c20130109 _lUCH01 _h1347 |
||
| 650 | 0 | 4 |
_aJatropha dioica. _961234 |
| 650 | 0 | 4 |
_aMezquite. _975366 |
| 650 | 0 | 4 |
_aProsopis. _992429 |
| 650 | 0 | 4 |
_aRizósfera. _997820 |
| 650 | 0 | 4 |
_aSuelos _xMicrobiología. _9110434 |
| 901 | _aBK | ||
| 905 | _aAlejandra Carrasco M. | ||
| 942 | _cFOLL | ||
| 949 |
_bBC _cTES _d33724000835013 _eTS2 _fc.2 _h38234 _i95646 _sb |
||
| 949 |
_bBC _cTES _d956461 _eTS1 _h38233 _i95646 _sb |
||
| 999 |
_c84143 _d84143 |
||